Statystyki dla 10 najpopularniejszych imion dla chłopaków

Kliknij tutaj aby rozwiązać quiz!

Ogólne statystyki

  • Ten quiz został rozwiązany 43 razy
  • Średni wynik to 5 z 10

Statystyki odpowiedzi

HintOdpowiedź% Poprawnych
2366Jakub
86%
2930Antoni
83%
2848Jan
78%
2525Franciszek
58%
2056Mikołaj
50%
2824Aleksander
44%
3317Nikodem
44%
1975Stanisław
36%
1994Ignacy
25%
2430Leon
25%

Rozkład punktacji

Percentyl według liczby udzielonych odpowiedzi

Procent ludzi z każdym wynikiem

Twoja historia wyników

Nie rozwiązałeś tego quizu